Transport of water in poly(3-hydroxy-butyrate)-natural rubber blends (Record no. 71504)

MARC details
000 -LEADER
fixed length control field 00485nam a2200169Ia 4500
100 ## - MAIN ENTRY--AUTHOR NAME
Personal name Markin V S
245 #0 - TITLE STATEMENT
Title Transport of water in poly(3-hydroxy-butyrate)-natural rubber blends
260 ## - PUBLICATION, DISTRIBUTION, ETC. (IMPRINT)
Name of publisher International Polymer Science and Technology
Year of publication 2007
300 ## - PHYSICAL DESCRIPTION
Number of Pages 13-Nov
650 ## - SUBJECT ADDED ENTRY--TOPICAL TERM
Topical Term Natural rubber blends
700 ## - ADDED ENTRY--PERSONAL NAME
Personal name Iordanskii A L
700 ## - ADDED ENTRY--PERSONAL NAME
Personal name Pankova Yu N
700 ## - ADDED ENTRY--PERSONAL NAME
Personal name Potapov E E
700 ## - ADDED ENTRY--PERSONAL NAME
Personal name Shershnev V A
942 ## - ADDED ENTRY ELEMENTS (KOHA)
Koha item type Journals
Holdings
Withdrawn status Lost status Damaged status Not for loan Home library Current library Shelving location Date acquired Serial Enumeration / chronology Koha item type
      Journals RRII Library RRII Library Rubber chemistry 25/09/2007 Volume 34, Issue 8 Journals